[Event "Harkany Tenkes Cup 33rd"]
[Site "Harkany"]
[Date "2009.11.27"]
[Round "2"]
[White "Szemzo, Lajos"]
[Black "Steiner, Bruno"]
[Result "0-1"]
[WhiteElo "1847"]
[BlackElo "2184"]
[PlyCount "104"]
[EventDate "2009.11.26"]
[EventType "swiss"]
[EventRounds "9"]
[EventCountry "HUN"]
[SourceTitle "EXT 2011"]
[Source "ChessBase"]
[SourceDate "2010.11.26"]
[SourceVersion "1"]
[SourceVersionDate "2010.11.26"]
[SourceQuality "1"]

1. c4 e5 2. Nc3 d6 3. g3 c5 4. Bg2 Nc6 5. e3 g6 6. Nge2 Bg7 7. 0-0 Nge7 8. Nd5 0-0 9. Nec3 Rb8 10. d3 a6 11. a3 b5 12. Nxe7+ Nxe7 13. cxb5 axb5 14. Nd5 Bb7 15. Nxe7+ Qxe7 16. Bxb7 Qxb7 17. e4 d5 18. Qe2 Rfc8 19. Bd2 d4 20. f4 c4 21. Rac1 Qa6 22. fxe5 Bxe5 23. Bf4 f6 24. Bxe5 fxe5 25. Qd2 cxd3 26. Qxd3 Rc4 27. Qf3 Qe6 28. Qb3 Rbc8 29. Rcd1 b4 30. axb4 Kg7 31. b5 Qe7 32. b6 Rb4 33. Rf7+ Qxf7 34. Qxb4 Rf8 35. Qe1 Qb3 36. Ra1 Qxb6 37. Qa5 Qxa5 38. Rxa5 Kf6 39. Kf2 Rb8 40. Ra2 Rb3 41. Ra6+ Kg5 42. Ra2 Kg4 43. Kg2 Re3 44. Kf2 Rxe4 45. b4 Kf5 46. Rb2 Ke6 47. b5 Kd7 48. b6 Kc8 49. Rb3 Kb7 50. Kf3 Re1 51. Kf2 Rc1 52. h4 Rc2+ 0-1

[Event "HUN-chT2 Toth 0405"]
[Site "Hungary"]
[Date "2005.01.23"]
[Round "6"]
[White "Szemzo, Lajos"]
[Black "Igaz, Ervin"]
[Result "0-1"]
[WhiteElo "2016"]
[BlackElo "2145"]
[PlyCount "114"]
[EventDate "2004.09.26"]
[EventType "team"]
[EventRounds "11"]
[EventCountry "HUN"]
[SourceTitle "EXT 2009"]
[Source "ChessBase"]
[SourceDate "2008.11.26"]
[SourceVersion "1"]
[SourceVersionDate "2008.11.26"]
[SourceQuality "1"]
[WhiteTeam "Bajai"]
[BlackTeam "Koszolg"]
[WhiteTeamCountry "HUN"]
[BlackTeamCountry "HUN"]

1. Nf3 Nf6 2. d4 d5 3. g3 c6 4. Bg2 Bf5 5. Nbd2 e6 6. 0-0 Bd6 7. c4 Nbd7 8. Re1 h6 9. Nh4 g5 10. Nxf5 exf5 11. cxd5 cxd5 12. Qb3 Nb6 13. a4 Qc7 14. a5 Nc8 15. Bxd5 Nxd5 16. Qxd5 Ne7 17. Qb5+ Qc6 18. Qxc6+ Nxc6 19. Nc4 Kd7 20. Nxd6 Kxd6 21. e3 g4 22. b4 Kd5 23. Bd2 Rhc8 24. Rec1 b6 25. Kf1 Nd8 26. Ke2 Ne6 27. f3 Ng5 28. fxg4 fxg4 29. Kd3 f5 30. Rf1 Nf3 31. h3 h5 32. hxg4 hxg4 33. Rh1 Rh8 34. Bc3 b5 35. a6 Rh3 36. Raf1 Rah8 37. Rxh3 gxh3 38. Ke2 h2 39. Rh1 Ke4 40. d5 Rd8 41. Rf1 Rxd5 42. Rxf3 Rd2+ 43. Bxd2 h1Q 44. Rf4+ Ke5 45. Bc3+ Ke6 46. Be1 Qc6 47. Rh4 Ke5 48. g4 Qg2+ 49. Kd3 Qe4+ 50. Ke2 fxg4 51. Bg3+ Kd5 52. Rh5+ Kc4 53. Bb8 Qf3+ 54. Kd2 Qf2+ 55. Kd1 Qf1+ 56. Kc2 Qe2+ 57. Kb1 Kb3 0-1

[Event "Harkany Tenkes Cup 28th"]
[Site "Harkany"]
[Date "2004.11.30"]
[Round "6"]
[White "Szemzo, Lajos"]
[Black "Hocevar, Nikola"]
[Result "0-1"]
[WhiteElo "1996"]
[BlackElo "2130"]
[PlyCount "156"]
[EventDate "2004.11.25"]
[EventType "swiss"]
[EventRounds "9"]
[EventCountry "HUN"]
[SourceTitle "EXT 2008"]
[Source "ChessBase"]
[SourceDate "2007.11.25"]
[SourceVersion "1"]
[SourceVersionDate "2007.11.25"]
[SourceQuality "1"]

1. Nf3 c5 2. c4 Nc6 3. g3 g6 4. Bg2 Bg7 5. Nc3 Nf6 6. 0-0 0-0 7. d3 d6 8. Bd2 Rb8 9. Qc1 Re8 10. h3 a6 11. Bh6 Bh8 12. a4 Bd7 13. Rb1 Nd4 14. Nxd4 cxd4 15. Nd5 Nxd5 16. cxd5 Bxa4 17. b3 Bd7 18. Qd2 Rc8 19. e3 Rc3 20. Rfc1 Qc7 21. exd4 Bxd4 22. Be3 Bf6 23. Rxc3 Qxc3 24. Qxc3 Bxc3 25. Rc1 Rc8 26. Kh2 Bf6 27. Rxc8+ Bxc8 28. Bb6 Bd7 29. Bf1 Bb5 30. Kg2 e6 31. dxe6 fxe6 32. Kf3 Kf7 33. Ke3 Ke7 34. Bg2 Bc6 35. Bxc6 bxc6 36. d4 e5 37. dxe5 Bxe5 38. Kd3 d5 39. f4 Bd6 40. Kd4 Ke6 41. Ba7 h5 42. Ke3 Bb4 43. g4 hxg4 44. hxg4 Ba3 45. Bb6 Bc1+ 46. Kf3 Kd6 47. b4 Bd2 48. Bc5+ Ke6 49. Bf8 a5 50. bxa5 Bxa5 51. Bc5 Bd2 52. Bf8 Bc3 53. Bc5 Bf6 54. Ke3 Be7 55. Bb6 Ba3 56. Kf3 c5 57. Ke3 Bc1+ 58. Kf3 c4 59. Bd4 Bd2 60. Be5 Bb4 61. Ke2 g5 62. Bc7 gxf4 63. Bxf4 Bd6 64. Bc1 Be7 65. Kf3 Bc5 66. Kf4 Bd6+ 67. Kf3 Be5 68. Ke3 Kf6 69. Kf3 Kg6 70. Bd2 Bf6 71. Ke2 Bh4 72. Kf3 Bg5 73. Bc3 Kf7 74. Ke2 Ke6 75. Kf3 Kd6 76. Ke2 Kc5 77. Be1 d4 78. Kd1 d3 0-1

[Event "HUN-chT2 Toth 0405"]
[Site "Hungary"]
[Date "2004.11.21"]
[Round "3"]
[White "Kovacs, Adrian"]
[Black "Szemzo, Lajos"]
[Result "1-0"]
[WhiteElo "2208"]
[BlackElo "2016"]
[PlyCount "71"]
[EventDate "2004.09.26"]
[EventType "team"]
[EventRounds "11"]
[EventCountry "HUN"]
[SourceTitle "EXT 2009"]
[Source "ChessBase"]
[SourceDate "2008.11.26"]
[SourceVersion "1"]
[SourceVersionDate "2008.11.26"]
[SourceQuality "1"]
[WhiteTeam "Takisz"]
[BlackTeam "Bajai"]
[WhiteTeamCountry "HUN"]
[BlackTeamCountry "HUN"]

1. c4 e5 2. Nc3 Nf6 3. g3 c6 4. Qa4 Na6 5. Nf3 Nc5 6. Qc2 d6 7. d3 a5 8. Bg2 Be7 9. 0-0 0-0 10. Be3 Ne6 11. a3 Ng4 12. Bd2 f5 13. b4 axb4 14. axb4 Rxa1 15. Rxa1 Qb6 16. Be1 f4 17. Ra8 fxg3 18. hxg3 h6 19. Qa2 Bd7 20. Bh3 Rxa8 21. Qxa8+ Nf8 22. b5 h5 23. Bg2 Kf7 24. Ne4 cxb5 25. Nfg5+ Kg6 26. cxb5 Qxb5 27. Nc3 Qa6 28. Be4+ Kxg5 29. Nd5 Qxa8 30. Bd2+ Ne3 31. Bxe3+ Kg4 32. Kg2 h4 33. Nxe7 h3+ 34. Kh2 Ne6 35. f3+ Kh5 36. Bg6# 1-0

[Event "HUN-chT2 Toth 0405"]
[Site "Hungary"]
[Date "2004.10.10"]
[Round "2"]
[White "Szemzo, Lajos"]
[Black "Borus, Andras"]
[Result "1/2-1/2"]
[WhiteElo "2016"]
[BlackElo "2131"]
[PlyCount "102"]
[EventDate "2004.09.26"]
[EventType "team"]
[EventRounds "11"]
[EventCountry "HUN"]
[SourceTitle "EXT 2009"]
[Source "ChessBase"]
[SourceDate "2008.11.26"]
[SourceVersion "1"]
[SourceVersionDate "2008.11.26"]
[SourceQuality "1"]
[WhiteTeam "Bajai"]
[BlackTeam "Maroczy"]
[WhiteTeamCountry "HUN"]
[BlackTeamCountry "HUN"]

1. d4 Nf6 2. Nf3 g6 3. c4 Bg7 4. Nc3 d6 5. h3 Nbd7 6. Bf4 0-0 7. e4 Nh5 8. Be3 e5 9. dxe5 dxe5 10. Qd2 Re8 11. 0-0-0 c6 12. Ne2 Qe7 13. Qd6 Qxd6 14. Rxd6 Bf8 15. Rd1 Nc5 16. Nc3 a5 17. Be2 Nf4 18. Bf1 Nh5 19. g4 Nf6 20. Nd2 Be6 21. Be2 Rad8 22. Bg5 Be7 23. f3 Nd3+ 24. Bxd3 Rxd3 25. Kc2 Rdd8 26. h4 Kg7 27. h5 Ng8 28. Be3 g5 29. Bb6 Ra8 30. Na4 Bd8 31. b3 h6 32. Nb1 Bxb6 33. Nxb6 Ra6 34. c5 a4 35. Nxa4 b5 36. cxb6 c5 37. Nbc3 c4 38. Rd6 cxb3+ 39. axb3 Nf6 40. Nc5 Raa8 41. Nxe6+ Rxe6 42. Rxe6 fxe6 43. Rd1 Rc8 44. Kb2 Kf7 45. Na4 Ke7 46. b4 Nd7 47. Kb3 Rb8 48. Rc1 Nxb6 49. Nxb6 Rxb6 50. Rc7+ Kf6 51. Rh7 Rxb4+ 1/2-1/2

[Event "HUN-chT2 Asztalos 0203"]
[Site "Hungary"]
[Date "2003.03.23"]
[Round "9"]
[White "Forster, Tamas"]
[Black "Szemzo, Lajos"]
[Result "1/2-1/2"]
[WhiteElo "2089"]
[BlackElo "2034"]
[PlyCount "40"]
[EventDate "2002.09.22"]
[EventType "team"]
[EventRounds "11"]
[EventCountry "HUN"]
[SourceTitle "EXT 2009"]
[Source "ChessBase"]
[SourceDate "2008.11.26"]
[SourceVersion "1"]
[SourceVersionDate "2008.11.26"]
[SourceQuality "1"]

1. e4 c5 2. f4 Nc6 3. Nf3 Nf6 4. e5 Nd5 5. Bb5 Nxf4 6. 0-0 a6 7. Bxc6 dxc6 8. d4 Ne6 9. c3 cxd4 10. cxd4 h6 11. Be3 Nc7 12. Nh4 Be6 13. Nc3 Nd5 14. Qd2 Qd7 15. Ne4 Nxe3 16. Qxe3 0-0-0 17. Rfd1 Bg4 18. Rd2 e6 19. a3 Be7 20. Nf3 Bxf3 1/2-1/2

[Event "HUN-chT2 Asztalos 0304"]
[Site "Hungary"]
[Date "2003.01.25"]
[Round "6"]
[White "Szemzo, Lajos"]
[Black "Kiss, Zoltan"]
[Result "0-1"]
[WhiteElo "2018"]
[BlackElo "2235"]
[PlyCount "56"]
[EventDate "2003.08.29"]
[EventType "team"]
[EventRounds "11"]
[EventCountry "HUN"]
[SourceTitle "EXT 2009"]
[Source "ChessBase"]
[SourceDate "2008.11.26"]
[SourceVersion "1"]
[SourceVersionDate "2008.11.26"]
[SourceQuality "1"]
[WhiteTeam "Bajai"]
[BlackTeam "Szenna Pack II"]
[WhiteTeamCountry "HUN"]
[BlackTeamCountry "HUN"]

1. Nf3 Nf6 2. c4 e6 3. Nc3 d5 4. d4 Bb4 5. e3 0-0 6. Bd2 c5 7. a3 cxd4 8. Nxd4 Be7 9. Be2 Nc6 10. Nxc6 bxc6 11. 0-0 Bb7 12. Rc1 e5 13. cxd5 cxd5 14. Nb5 Ne4 15. Be1 Nc5 16. Bb4 Ne6 17. Qb3 a6 18. Nc3 d4 19. Bxe7 Qxe7 20. Nd5 Bxd5 21. Qxd5 Qf6 22. Rc6 Rad8 23. Qc4 Qg5 24. Qc1 e4 25. Bc4 d3 26. Bxe6 fxe6 27. Rxe6 d2 28. Qc2 Qd5 0-1

[Event "Harkany Tenkes Cup 26th"]
[Site "Harkany"]
[Date "2002.11.21"]
[Round "8"]
[White "Szemzo, Lajos"]
[Black "Spada, Angelo"]
[Result "1-0"]
[WhiteElo "1995"]
[BlackElo "2114"]
[PlyCount "147"]
[EventDate "2002.11.14"]
[EventType "swiss"]
[EventRounds "9"]
[EventCountry "HUN"]
[SourceTitle "EXT 2008"]
[Source "ChessBase"]
[SourceDate "2007.11.25"]
[SourceVersion "1"]
[SourceVersionDate "2007.11.25"]
[SourceQuality "1"]

1. Nf3 f5 2. c4 Nf6 3. Nc3 e6 4. g3 d5 5. Bg2 c6 6. cxd5 exd5 7. d4 Bd6 8. 0-0 0-0 9. Ne5 Bxe5 10. dxe5 Ng4 11. Qd4 Nd7 12. f4 Qb6 13. Qxb6 Nxb6 14. h3 Nh6 15. e3 a5 16. b3 a4 17. Ba3 Re8 18. Bb4 Nf7 19. Rfc1 Be6 20. Bc5 axb3 21. axb3 Nd7 22. Rxa8 Rxa8 23. Ne2 Nxc5 24. Rxc5 Nd8 25. Nd4 Ra1+ 26. Kh2 Kf7 27. g4 fxg4 28. f5 gxh3 29. Kxh3 Bxf5+ 30. Nxf5 Ke6 31. Nxg7+ Kxe5 32. Nh5 Ne6 33. Rc3 Ra2 34. Kg3 c5 35. Rd3 d4 36. Bxb7 Rb2 37. Ba6 Ng5 38. Bb7 Ne6 39. Bc8 Ng5 40. exd4+ cxd4 41. Bb7 Ne6 42. Bc8 Nc5 43. Rf3 Ne4+ 44. Kg4 Nf2+ 45. Kg3 Ne4+ 46. Kh4 Nd2 47. Rf5+ Ke4 48. Ng3+ Ke3 49. Kg4 d3 50. Be6 Kd4 51. Rd5+ Ke3 52. Nf5+ Ke2 53. Re5+ Kf2 54. Nd4 Nf1 55. Rf5+ Ke3 56. Rxf1 Kxd4 57. Kf3 h5 58. Rh1 d2 59. Rd1 Kc3 60. Ke2 Ra2 61. b4 Ra6 62. Bf5 Rd6 63. b5 Rd5 64. Be4 Rd4 65. Ke3 Rd8 66. b6 h4 67. b7 h3 68. Rxd2 Rxd2 69. b8Q Ra2 70. Qe5+ Kb4 71. Qe6 Ra3+ 72. Bd3 h2 73. Qc4+ Ka5 74. Qb5# 1-0

[Event "Harkany Tenkes Cup 26th"]
[Site "Harkany"]
[Date "2002.11.17"]
[Round "4"]
[White "Szemzo, Lajos"]
[Black "Fasser, Walter"]
[Result "1/2-1/2"]
[WhiteElo "1995"]
[BlackElo "2038"]
[PlyCount "100"]
[EventDate "2002.11.14"]
[EventType "swiss"]
[EventRounds "9"]
[EventCountry "HUN"]
[SourceTitle "EXT 2008"]
[Source "ChessBase"]
[SourceDate "2007.11.25"]
[SourceVersion "1"]
[SourceVersionDate "2007.11.25"]
[SourceQuality "1"]

1. Nf3 Nf6 2. c4 g6 3. Nc3 Bg7 4. g3 d5 5. cxd5 Nxd5 6. Bg2 Nxc3 7. bxc3 0-0 8. 0-0 c5 9. Qb3 Nc6 10. Rb1 Bd7 11. d3 b6 12. Be3 Rc8 13. Rbc1 Be6 14. Qa4 Qd7 15. Ng5 Na5 16. Qh4 h5 17. Nxe6 Qxe6 18. c4 Nc6 19. Bh3 f5 20. Bg2 Qf7 21. Bg5 e6 22. e4 Bf6 23. exf5 Bxg5 24. Qxg5 Qxf5 25. Qxf5 exf5 26. Bd5+ Kg7 27. Rfe1 Nb4 28. Re7+ Kh6 29. Rce1 Nxd3 30. R1e3 Nb4 31. Rxa7 Nxd5 32. cxd5 c4 33. d6 c3 34. Rc7 c2 35. Rec3 c1Q+ 36. Rxc1 Rcd8 37. d7 Rf7 38. Rd1 Kg7 39. Rd6 Rf6 40. Rxf6 Kxf6 41. Rc6+ Kf7 42. Rxb6 Rxd7 43. h4 Ra7 44. Rb2 Kf6 45. Kf1 f4 46. Kg2 fxg3 47. Kxg3 Ra3+ 48. f3 Ra4 49. Rb6+ Kf5 50. Rb5+ Kf6 1/2-1/2

[Event "Salgotarjan Balazs Memorial op"]
[Site "Salgotarjan"]
[Date "2002.08.05"]
[Round "4"]
[White "Hever, Janos"]
[Black "Szemzo, Lajos"]
[Result "1/2-1/2"]
[WhiteElo "2025"]
[BlackElo "2034"]
[PlyCount "107"]
[EventDate "2002.08.02"]
[EventType "swiss"]
[EventRounds "9"]
[EventCountry "HUN"]
[SourceTitle "EXT 2008"]
[Source "ChessBase"]
[SourceDate "2007.11.25"]
[SourceVersion "1"]
[SourceVersionDate "2007.11.25"]
[SourceQuality "1"]

1. c4 Nf6 2. Nc3 g6 3. f4 d5 4. d4 Bg7 5. e3 0-0 6. cxd5 Nxd5 7. Bd3 c5 8. Nf3 cxd4 9. exd4 Nc6 10. Be4 Nf6 11. Bc2 Bg4 12. Be3 Nb4 13. 0-0 Nxc2 14. Qxc2 Rc8 15. Qf2 Nd5 16. Nxd5 Qxd5 17. Ne5 Bf5 18. b3 Rc2 19. Bd2 Rfc8 20. Rac1 b5 21. h3 Be4 22. Kh2 h5 23. Rxc2 Rxc2 24. Rc1 Rxc1 25. Bxc1 f6 26. Nf3 Bxf3 27. gxf3 f5 28. Bb2 Qd6 29. Qe3 g5 30. Kg3 h4+ 31. Kg2 gxf4 32. Qg1 Qg6+ 33. Kf2 Qg3+ 34. Qxg3 hxg3+ 35. Kg2 Kf7 36. Bc1 Bh6 37. Ba3 e6 38. Bd6 a6 39. Be5 Kg6 40. Bd6 Bg5 41. Be5 Bh6 42. Bd6 Kf7 43. Be5 Ke7 44. Bc7 Kd7 45. Be5 Kc6 46. Bb8 Kd5 47. Be5 a5 48. Bf6 a4 49. Be5 Bg5 50. Kf1 axb3 51. axb3 Be7 52. Bxf4 Kxd4 53. Bxg3 Ke3 54. Kg2 1/2-1/2

[Event "Harkany Tenkes Cup 25th"]
[Site "Harkany"]
[Date "2001.11.20"]
[Round "2"]
[White "Szemzo, Lajos"]
[Black "Fleuch, Hans Juergen"]
[Result "0-1"]
[WhiteElo "2041"]
[BlackElo "2155"]
[PlyCount "100"]
[EventDate "2001.11.19"]
[EventType "swiss"]
[EventRounds "9"]
[EventCountry "HUN"]
[SourceTitle "EXT 2004"]
[Source "ChessBase"]
[SourceDate "2003.11.25"]
[SourceVersion "1"]
[SourceVersionDate "2003.11.25"]
[SourceQuality "1"]

1. d4 Nf6 2. Nf3 g6 3. c4 Bg7 4. Nc3 d6 5. g3 0-0 6. Bg2 Nbd7 7. 0-0 c6 8. e4 e5 9. d5 Nc5 10. Bg5 h6 11. Bxf6 Qxf6 12. b4 Na6 13. Rb1 c5 14. bxc5 Nxc5 15. Ne1 b6 16. a4 Nb7 17. Nc2 Bd7 18. Nb5 Rfc8 19. Ne3 Na5 20. Qd3 Nb7 21. f4 Nc5 22. Qc2 a6 23. fxe5 Qxe5 24. Na3 Nxa4 25. Qf2 Qe7 26. Kh1 Rab8 27. Nec2 Nc5 28. Qe3 Re8 29. Rbe1 Qg5 30. Qf3 Re7 31. Nb4 Rc8 32. Nc6 Bxc6 33. dxc6 Be5 34. Nc2 Rxc6 35. Nb4 Rc8 36. Nd5 Ra7 37. Rb1 Rf8 38. Bh3 Qd8 39. Rxb6 Ne6 40. Qb3 Ng5 41. Bg2 a5 42. Qa4 Ne6 43. Rfb1 Nc5 44. Qc2 a4 45. Bh3 a3 46. Nc3 Qa8 47. Na2 Qxe4+ 48. Qxe4 Nxe4 49. Kg2 Nc3 50. Rb7 Rxb7 0-1

[Event "Harkany Tenkes Cup"]
[Site "Harkany"]
[Date "2000.11.17"]
[Round "2"]
[White "Csiszar, Csaba"]
[Black "Szemzo, Lajos"]
[Result "1-0"]
[WhiteElo "2410"]
[BlackElo "2045"]
[PlyCount "77"]
[EventDate "2000.11.16"]
[EventType "swiss"]
[EventRounds "9"]
[EventCountry "HUN"]
[SourceTitle "CBM 079 Extra"]
[Source "ChessBase"]
[SourceDate "2001.01.11"]
[SourceVersion "2"]
[SourceVersionDate "2001.01.25"]
[SourceQuality "1"]

1. d4 d5 2. c4 c6 3. Nf3 Nf6 4. Nc3 e6 5. e3 Bb4 6. Bd2 Nbd7 7. Bd3 0-0 8. 0-0 dxc4 9. Bxc4 Re8 10. Re1 Nb6 11. Bb3 a5 12. a3 Bxc3 13. bxc3 Ne4 14. Bc2 Nxd2 15. Nxd2 e5 16. Qh5 g6 17. Qh6 Qf6 18. Ne4 Qg7 19. Qh4 Nd5 20. Bb3 Kh8 21. Bxd5 cxd5 22. Nf6 Rf8 23. Nxd5 Be6 24. Nb6 Ra6 25. Rab1 f5 26. Qg3 f4 27. exf4 exf4 28. Qg5 Rf5 29. Qd8+ Rf8 30. Qd6 Bf5 31. Rb2 Qf6 32. Qc5 f3 33. gxf3 Bh3 34. Qe5 Kg8 35. Qxf6 Rxf6 36. Nd5 Rxf3 37. Rxb7 Re6 38. Rxe6 Bxe6 39. Ne3 1-0

[Event "Harkany Tenkes Cup"]
[Site "Harkany"]
[Date "1999.11.29"]
[Round "8"]
[White "Dlauchy, Peter"]
[Black "Szemzo, Lajos"]
[Result "1-0"]
[WhiteElo "2036"]
[BlackElo "2044"]
[PlyCount "55"]
[EventDate "1999.11.??"]
[EventType "swiss"]
[EventRounds "9"]
[EventCountry "HUN"]
[SourceTitle "EXT 2004"]
[Source "ChessBase"]
[SourceDate "2003.11.25"]
[SourceVersion "1"]
[SourceVersionDate "2003.11.25"]
[SourceQuality "1"]

1. e4 c5 2. Nf3 d6 3. d4 cxd4 4. Nxd4 g6 5. Nc3 a6 6. Be3 Bg7 7. Bc4 Nf6 8. f3 Nc6 9. Qd2 Nxd4 10. Bxd4 b5 11. Bd5 Nxd5 12. Bxg7 Rg8 13. Qxd5 Be6 14. Qd4 f6 15. Bh6 g5 16. h4 gxh4 17. Rxh4 Rxg2 18. Bd2 Bg8 19. 0-0-0 Rc8 20. Rg1 Rc4 21. Qe3 Rxg1+ 22. Qxg1 Kd7 23. Rg4 Be6 24. Rg7 Qc7 25. Qd1 h5 26. Nd5 Bxd5 27. exd5 Rd4 28. Qe2 1-0

[Event "Harkany Tenkes Cup"]
[Site "Harkany"]
[Date "1999.11.26"]
[Round "5"]
[White "Szemzo, Lajos"]
[Black "Straub, Peter"]
[Result "0-1"]
[WhiteElo "2044"]
[BlackElo "2120"]
[PlyCount "78"]
[EventDate "1999.11.??"]
[EventType "swiss"]
[EventRounds "9"]
[EventCountry "HUN"]
[SourceTitle "EXT 2004"]
[Source "ChessBase"]
[SourceDate "2003.11.25"]
[SourceVersion "1"]
[SourceVersionDate "2003.11.25"]
[SourceQuality "1"]

1. Nf3 d5 2. d4 Nf6 3. g3 c6 4. Bg2 Bg4 5. 0-0 e6 6. Nbd2 Nbd7 7. c4 Bd6 8. Qb3 Qc7 9. Re1 0-0 10. c5 Be7 11. h3 Bh5 12. Nf1 Ne4 13. Bf4 Qc8 14. g4 Bg6 15. Qe3 f6 16. Nh4 e5 17. Nxg6 hxg6 18. Bxe4 dxe4 19. Qxe4 f5 20. Qe3 fxg4 21. Bxe5 Nxe5 22. dxe5 gxh3 23. Qb3+ Kh7 24. e6 Rf5 25. Qxh3+ Rh5 26. Qb3 Bxc5 27. Rac1 Qf8 28. e3 Qf3 29. Ng3 Rg5 30. Rxc5 Rxc5 31. e7 Re8 32. Qe6 Rc2 33. Ne4 Qf5 34. Qb3 Qxe4 35. Qxb7 Rxe7 36. Qc8 Qe6 37. Qb8 Qg4+ 38. Kf1 Qh3+ 39. Kg1 Re4 0-1

[Event "Gyongyos Matra Cup"]
[Site "Gyongyos"]
[Date "1999.??.??"]
[Round "8"]
[White "Konnyu, Janos"]
[Black "Szemzo, Lajos"]
[Result "1/2-1/2"]
[WhiteElo "2075"]
[BlackElo "2040"]
[PlyCount "75"]
[EventDate "1999.??.??"]
[EventType "swiss"]
[EventRounds "9"]
[EventCountry "HUN"]
[SourceTitle "EXT 2000"]
[Source "ChessBase"]
[SourceDate "1999.11.16"]
[SourceVersion "1"]
[SourceVersionDate "1999.11.16"]
[SourceQuality "1"]

1. e4 e6 2. d4 d5 3. Nc3 dxe4 4. Nxe4 Be7 5. Nf3 Nf6 6. Bd3 Nbd7 7. 0-0 0-0 8. c3 c5 9. Qc2 Qc7 10. Bg5 h6 11. Bh4 cxd4 12. Bg3 Qb6 13. Nxd4 Nxe4 14. Bxe4 f5 15. Bc7 Qxc7 16. Nxe6 Qe5 17. Nxf8 Qxe4 18. Qxe4 fxe4 19. Ne6 Nf6 20. Nc7 Rb8 21. Rfe1 Bg4 22. h3 Bh5 23. g4 Bf7 24. Nb5 a6 25. Nd4 Bd6 26. Nf5 Bf4 27. Ne3 b5 28. Rad1 a5 29. Nf5 b4 30. cxb4 axb4 31. Nd6 Bxa2 32. Nxe4 Be5 33. Nc5 Re8 34. Nd3 Bb3 35. Rd2 Bd6 36. Rxe8+ Nxe8 37. Re2 Nf6 38. Nc1 1/2-1/2

[Event "Gyongyos Matra Cup"]
[Site "Gyongyos"]
[Date "1999.??.??"]
[Round "1"]
[White "Szemzo, Lajos"]
[Black "Chetverik, Maxim"]
[Result "0-1"]
[WhiteElo "2040"]
[BlackElo "2270"]
[PlyCount "118"]
[EventDate "1999.??.??"]
[EventType "swiss"]
[EventRounds "9"]
[EventCountry "HUN"]
[SourceTitle "EXT 2000"]
[Source "ChessBase"]
[SourceDate "1999.11.16"]
[SourceVersion "1"]
[SourceVersionDate "1999.11.16"]
[SourceQuality "1"]

1. e4 Nf6 2. Nc3 d5 3. e5 Ne4 4. Nxe4 dxe4 5. d4 exd3 6. Qxd3 Qxd3 7. Bxd3 Nc6 8. Bf4 g5 9. Bxg5 Nxe5 10. Be4 Bg7 11. 0-0-0 Nc4 12. c3 Nd6 13. Bd3 Be6 14. Kb1 h6 15. Bf4 0-0-0 16. Ne2 a6 17. Rhe1 Rd7 18. Ng3 Rhd8 19. Bc2 Kb8 20. f3 Bf6 21. Nh5 Bh8 22. g4 b5 23. a3 c5 24. Bxh6 b4 25. Ba4 Rb7 26. axb4 cxb4 27. Kc2 bxc3 28. bxc3 Rc8 29. Bg7 Nc4 30. Bxh8 Rxh8 31. Rd4 Rc8 32. Nf4 Na3+ 33. Kd3 Bc4+ 34. Ke4 e5 35. Rd7 exf4 36. Rxb7+ Kxb7 37. Kxf4 Be6 38. h4 Rxc3 39. Be8 Nc2 40. Rb1+ Kc7 41. h5 Bd5 42. h6 Rxf3+ 43. Ke5 Bc4 44. Ba4 Ne3 45. Kd4 Nxg4 46. h7 Rh3 47. Bc2 Be6 48. Be4 Nf6 49. Rb7+ Kd6 50. Rb6+ Ke7 51. Rxa6 Nxe4 52. Kxe4 Rxh7 53. Ra7+ Kf6 54. Kf4 Rh4+ 55. Kg3 Rd4 56. Ra5 Rd5 57. Ra4 Ke5 58. Kf3 Rd3+ 59. Ke2 Rb3 0-1

[Event "Gyongyos Matra Cup"]
[Site "Gyongyos"]
[Date "1999.??.??"]
[Round "6"]
[White "Szemzo, Lajos"]
[Black "Nemeth, Jozsef"]
[Result "1-0"]
[WhiteElo "2040"]
[BlackElo "2155"]
[PlyCount "41"]
[EventDate "1999.??.??"]
[EventType "swiss"]
[EventRounds "9"]
[EventCountry "HUN"]
[SourceTitle "EXT 2000"]
[Source "ChessBase"]
[SourceDate "1999.11.16"]
[SourceVersion "1"]
[SourceVersionDate "1999.11.16"]
[SourceQuality "1"]

1. e4 e6 2. d4 d5 3. Nd2 c5 4. Bb5+ Nc6 5. Ngf3 Nf6 6. exd5 exd5 7. 0-0 Be7 8. dxc5 Bg4 9. h3 Bh5 10. c3 Bxc5 11. Re1+ Be7 12. Qa4 Rc8 13. Nd4 Qd7 14. Nf1 0-0 15. Ng3 Bg6 16. Bf4 Bd6 17. Bxd6 Qxd6 18. Ngf5 Qf4 19. Nxc6 Qxa4 20. Nce7+ Kh8 21. Bxa4 1-0

[Event "Szekszard op"]
[Site "Szekszard"]
[Date "1997.??.??"]
[Round "4"]
[White "Horvath, Zoltan2222"]
[Black "Szemzo, Lajos"]
[Result "0-1"]
[WhiteElo "2130"]
[BlackElo "2100"]
[PlyCount "108"]
[EventDate "1997.??.??"]
[EventType "swiss"]
[EventRounds "9"]
[EventCountry "HUN"]
[SourceTitle "EXT 2001"]
[Source "ChessBase"]
[SourceDate "2000.11.22"]
[SourceVersion "1"]
[SourceVersionDate "2000.11.22"]
[SourceQuality "1"]

1. e4 e5 2. Nf3 d6 3. Bc4 Be7 4. d4 exd4 5. Nxd4 Nf6 6. Nc3 0-0 7. 0-0 a6 8. a4 c5 9. Nf3 Nc6 10. Bf4 Bg4 11. h3 Bh5 12. g4 Bg6 13. e5 dxe5 14. Bxe5 Nxe5 15. Nxe5 Qxd1 16. Raxd1 Bxc2 17. Rc1 Bg6 18. h4 Bd6 19. Nxg6 hxg6 20. g5 Nh5 21. Rcd1 Be5 22. Ne4 Bxb2 23. Rb1 b5 24. axb5 axb5 25. Bxb5 Bd4 26. Bc4 Ra4 27. Nd6 Be5 28. Bxf7+ Rxf7 29. Nxf7 Kxf7 30. Rb7+ Ke6 31. Rfb1 Rxh4 32. R1b6+ Kf5 33. Rc6 Bd4 34. Rbb6 Rg4+ 35. Kf1 Rxg5 36. Rb8 Nf6 37. Rc7 Nd5 38. Rc6 Ke4 39. Re6+ Kd3 40. Rf8 Bf6 41. Rc6 c4 42. Rfc8 c3 43. Rc5 Rf5 44. Ke1 Rh5 45. Kf1 Rf5 46. Ke1 Bd4 47. R5c6 Bxf2+ 48. Kd1 c2+ 49. Rxc2 Ne3+ 50. Kc1 Nxc2 51. Rxc2 Be3+ 52. Kb1 Rb5+ 53. Rb2 Rxb2+ 54. Ka1 Rb7 0-1

[Event "Szekszard op"]
[Site "Szekszard"]
[Date "1997.??.??"]
[Round "3"]
[White "Szemzo, Lajos"]
[Black "Horvath, Julia"]
[Result "0-1"]
[WhiteElo "2100"]
[BlackElo "2270"]
[PlyCount "110"]
[EventDate "1997.??.??"]
[EventType "swiss"]
[EventRounds "9"]
[EventCountry "HUN"]
[SourceTitle "EXT 2001"]
[Source "ChessBase"]
[SourceDate "2000.11.22"]
[SourceVersion "1"]
[SourceVersionDate "2000.11.22"]
[SourceQuality "1"]

1. e4 g6 2. d4 Bg7 3. Nf3 d6 4. Be2 Nf6 5. Nc3 c6 6. 0-0 0-0 7. h3 Qc7 8. Be3 b5 9. a3 a6 10. Qd2 Nbd7 11. Rac1 Bb7 12. Rfd1 c5 13. dxc5 Nxc5 14. Bxc5 Qxc5 15. Bd3 Rac8 16. Re1 Nd7 17. Nd1 Nb6 18. c3 Nc4 19. Qe2 Rc7 20. Bxc4 Qxc4 21. Qxc4 Rxc4 22. Nd2 Rc7 23. Ne3 e6 24. f3 Bh6 25. Rcd1 Rd8 26. Nb3 Bg5 27. Rd3 Be7 28. Red1 h5 29. Kf2 Kg7 30. g3 g5 31. g4 hxg4 32. hxg4 Rh8 33. Kg2 Kf6 34. Rh1 Rxh1 35. Kxh1 Rc8 36. Kg2 Bf8 37. Na5 Bc6 38. Nxc6 Rxc6 39. Kf2 Ke7 40. Ke2 Bg7 41. Kd2 Rc8 42. Nc2 Kd7 43. Nb4 a5 44. Nc2 Kc6 45. Nd4+ Kb6 46. Nxe6 fxe6 47. Rxd6+ Rc6 48. Rd7 Be5 49. Kd3 Rd6+ 50. Rxd6+ Bxd6 51. Kd4 Bf4 52. b3 Kc6 53. a4 e5+ 54. Kd3 bxa4 55. bxa4 Kc5 0-1